000 00462nam a2200169Ia 4500
003 GCL
008 140319s9999 xx 000 0 ara d
040 _aGCL /
_cGCL
082 0 4 _aد
_b050
100 1 _aعلى الجارم
245 1 0 _aالشاعر الطموح ( اقرا 51 ) /
_cعلى الجارم
300 _a176 ص
490 _aوثائق ونصوص
_v0
650 0 4 _aالشعر العربى
650 0 4 _aالادب العربى
942 _2ddc
_cCF
999 _c27286
_d27286